[Event "Superbet Chess Classic"]
[Site "Bucharest"]
[Date "2021.06.14"]
[Round "9.5"]
[White "Caruana, Fabiano"]
[Black "Deac, Bogdan Daniel"]
[Result "1/2-1/2"]
[WhiteElo "2820"]
[BlackElo "2627"]
[EventDate "2021.??.??"]
[Annotator "Bojkov,Dejan"]
[PlyCount "147"]
[Beauty "4540854175277"]
[EventType "team-tourn"]
[EventCountry "ROU"]

1.Nf3 d5 2.g3 Nf6 3.Bg2 e6 4.O-O Be7 5.d3 Nc6 {Not a very common idea against the King's Indian Attack.} ( {One of the main lines has been discussed recently in the following game:} 5...O-O 6.Nbd2 c5 7.e4 Nc6 8.Re1 b5 9.e5 Nd7 10.Nf1 a5 11.h4 b4 12.Bf4 a4 13.a3 bxa3 14.bxa3 Rb8 15.Ne3 Bb7 16.c4 Nb6 17.cxd5 Nxd5 18.Qxa4 Nc3 19.Qc4 Qa5 20.Rac1 Nb5 {with compensation for the pawn in Nepomniachtchi,I (2792) -So,W (2770) Online 2021} ) 6.Nbd2 e5 {Deac enters the Pirc, down two tempi. Even this approach seems playable.} 7.e4 d4 {As long as Black does not open the center!} 8.Nc4 Nd7 9.a4 {A solid approach by Caruana.} ( {He could have attacked the center at once with} 9.c3 $5 ) 9...O-O 10.b3 $146 ( {In an earlier game, White hurried to play on his flank:} 10.Ne1 Nb6 11.Nxb6 axb6 12.f4 f5 13.exf5 exf4 14.g4 Bd6 15.Be4 Qg5 16.h3 ( 16.Ng2 $1 ) 16...Qh4 17.Qf3 Ne5 18.Qg2 g5 {Mass,E (1926)-Dreiling,A (1774) Germany 2013} ) 10...Re8 ( {Deac could have played} 10...Bb4 $5 {at once.} ) 11.h4 {The plans for both sides are clear. Caruana will try to mate the opponent on the kingside whereas Deac would try to keep him busy on the opposite flank. Both players have problematic bishops, locked behind their pawn chains, and need to solve their problems too.} 11...Bb4 12.Bg5 {Slightly weakening the kingside.} 12...f6 13.Bd2 Rb8 $5 {In preparation of b7-b5.} ( {Black could have also developed a dark-squared strategy with} 13...a5 $5 14.Bxb4 Nxb4 15.h5 Nc5 ) 14.h5 a6 15.a5 {Once again, Caruana tries to force a small concession by his opponent.} ( {The other way to play it was the direct} 15.Nh4 b5 16.Bxb4 Nxb4 17.axb5 axb5 18.Nd2 {when Black would have continued with either} 18...c5 ( {Or} 18...Nf8 $5 ) ) 15...Nf8 16.Nh4 b5 17.axb6 cxb6 18.Bxb4 Nxb4 19.Qd2 $1 {The best development of the attack.} ( {Black's task is easier after} 19.f4 b5 20.Nd2 ( {Or} 20.Na5 h6 ) 20...h6 ) 19...Nc6 {Deac retreats, but overprotects his center in the process.} ( {After} 19...a5 {White could have developed the attack with} 20.h6 g6 ( {Or} 20...g5 21.Nf5 Bxf5 22.exf5 {when the white bishop enters the battle.} ) 21.f4 ) ( {Similar would be} 19...Qe7 20.h6 g5 21.Nf5 Bxf5 22.exf5 b5 ) 20.Nf5 {At the end of the day, White decided not to push the h-pawn further.} ( 20.h6 {was possible though, when Black would have likely defended as in the game with} 20...g6 21.f4 b5 22.Na5 Nxa5 23.Rxa5 Rb6 ) 20...g6 {This knight cannot be tolerated.} 21.Nh4 b5 22.Na5 Nxa5 23.Rxa5 Rb6 {Protecting the sixth rank.} 24.Raa1 Qe7 25.hxg6 hxg6 26.f4 {Everything is accordance with the grand strategy: open up the kingside and mate the black king. Deac however prepared well for the second wave of the attack.} 26...Qh7 27.fxe5 {Opening another file for the white major pieces.} ( {Nothing yields} 27.f5 g5 ) 27...fxe5 28.Rf2 Qg7 ( {Here it made sense to hit White's weakness on c2 with} 28...Rc6 $5 29.Raf1 Qc7 {keeping White's major pieces busy.} ) 29.c3 {Not letting Black a second chance to attack this pawn. The c-file could be quite useful for White as well.} ( {Caruana had a chance now to solve the problem of his problematic bishop with} 29.Raf1 $5 Rc6 30.Kh2 {followed by Bg2-h3.} ) 29...dxc3 30.Qxc3 Ne6 $6 {Deac does not intend to defend passively and transfers his knight instead to the beautiful central outpost. This move, however, has a concrete flaw.} ( {Black could have defended passively as well:} 30...Rf6 31.Raf1 Rxf2 32.Rxf2 Qe7 33.Qc6 Kg7 ) 31.Nf3 {Caruana prevents the maneuver and hits the e5-pawn at the same time. He practically wins that pawn now. How could this be wrong?} ( {There was a better idea though! If White could get rid of his light-squared bishop, then he would have all his pieces working nicely. Therefore} 31.Bh3 $1 {was a good try. Then they likely saw the line} 31...Nd4 ( 31...Bd7 32.Bxe6+ Rbxe6 33.Raf1 {is very good for White.} ) 32.Bxc8 ( {However, here White has a strong zwischenzug:} 32.Qc5 $1 {and then after} 32...Rc6 33.Qd5+ Be6 ( 33...Kh8 34.Bxc8 Rexc8 35.Rf7 {is lost for Black.} ) 34.Bxe6+ Rcxe6 35.Raf1 {a position arises where Black is defenseless.} ) 32...Rc6 {which is indeed OK for Black.} ) 31...Rd6 32.Rc1 {Not only seizing the file, but defending the queen.} ( {Why this is important is demonstrated in the line} 32.Nxe5 $4 Nd4 {when White loses his knight as he cannot step back due to the discovered attack.} ) ( 32.Qxe5 {does not promise White anything after} 32...Rxd3 ) 32...Bd7 33.Nxe5 ( {Stronger was the other way of winning the pawn:} 33.Qxe5 $1 Rxd3 34.Bf1 Qxe5 35.Nxe5 Rd4 36.Rf6 Nf8 37.Nxd7 Rxd7 38.Rxa6 {with winning chances for White.} ) 33...Nd4 {This was the whole point behind Deac's active defense. The super-knight compensates for the missing pawn as it blocks two white pawns and a bishop!} ( {Black is correctly avoiding} 33...Rc8 34.Qxc8+ $1 Bxc8 35.Rxc8+ Nd8 36.Nf7 {Although Comp Almighty claims that Black can defend here as well} 36...Rxd3 37.Nxd8 Rd1+ 38.Bf1 Qd7 39.Rfc2 ( {Or} 39.Nc6+ $5 Kg7 $1 ( 39...Qxc8 40.Ne7+ ) 40.Rd8 ( 40.Rff8 Qd6 41.e5 Qd3 ) 40...Rxf1+ 41.Rxf1 Qxc6 ) 39...Qd3 {Well, that's not for the human brains.} ) 34.Nxd7 Qxd7 35.b4 ( {Here Caruana missed a chance to properly arrange his major pieces with} 35.Rcf1 Qg4 36.Qd2 $1 {A very unusual coordination of the white pieces has been achieved. The point is that none of the pawn captures works for Black due to the same threat} 36...Qxg3 $2 37.Qh6 {with mate to follow.} ) 35...Qg4 {Now the black queen also blocks actively.} 36.Re1 ( {Not} 36.Kh2 Ne2 ) 36...Rd7 $1 {A neat defense! Black correctly covers the seventh rank, thus preventing any activity.} ( 36...Qxg3 37.Qc7 {seems scary for Black. Indeed} 37...Red8 ( {Also bad for Black is} 37...Rf8 38.Rxf8+ Kxf8 39.Rf1+ Ke8 40.Qf7+ Kd8 41.Qf8+ Kc7 42.Rf7+ {and White will pick up the knight with checks.} ) ( {However, here too, Black can defend himself with the nice move} 37...Nf5 $1 ) 38.Qf7+ Kh8 39.e5 {is bad for the second player.} ) 37.Re3 Qg5 38.Qc1 {Now surprisingly, Deac gets a chance to play for something.} 38...Kg7 ( {Strong was} 38...Rf7 $3 {which would have forced Caruana into passive defense:} 39.Rxf7 $4 {obviously loses to} ( {Also bad for White is} 39.Qe1 Rc7 $1 {when despite the pawn deficit Black dominates.} ) ( {Therefore the passive} 39.Re1 {should have been played, but then} 39...Qxg3 40.Rxf7 Kxf7 41.Qe3 Qxe3+ 42.Rxe3 Kf6 {regains the pawn for Black while keeping the blockade, and this promises him good winning chances.} ) 39...Ne2+ ) 39.Bh3 {The bishop is out just in time.} 39...Rde7 40.Kg2 {And the g3-pawn is safe. Nevertheless, White hardly has any realistic chances for a full point.} 40...Rh8 41.Re1 Qh5 42.Rh1 Qe5 43.Qb2 Nc6 ( {Also a good plan was to swap the rooks:} 43...Rc7 $5 44.Rc1 Rxc1 45.Qxc1 Rf8 {aiming for a position with a queen and a knight versus a queen and a bishop.} ) 44.Rc1 {Allowing the trade.} ( {Or else Black would start an attack against the enemy pawns:} 44.Qb3 Qd4 ) 44...Qxb2 45.Rxb2 Ne5 46.Rd1 Rd8 {Deac is forcing the pawns forward, after which he can attack them sideways.} 47.d4 Nc6 48.d5 Rd6 49.Rf1 Ne5 {A funny coincidence. Yesterday, Deac also built a rock-solid blockade with a knight versus a bishop. In today's game though he still has the rooks on board and defends actively. And he is down only one pawn.} 50.Be6 {This allows the activation of the black rooks, but Caruana hardly had any other choice.} ( {Or} 50.Rbb1 Nf7 51.Be6 Ng5 52.e5 Rd8 53.Rf6 Nxe6 54.dxe6 Rde8 {with an obvious draw.} ) 50...Rc7 51.Ra1 Rc4 52.Rba2 Rxe4 53.Rxa6 Rxa6 54.Rxa6 Rxb4 55.Kf2 {Almost everything disappeared and the game slowly peters out into a draw.} 55...Ra4 {Once again active defense.} 56.Rb6 Ra2+ 57.Kf1 Nc4 58.Rxb5 Kf6 59.Ke1 Nd6 60.Rb3 Ke5 61.Kd1 Rg2 62.g4 Ne4 63.Ke1 Rh2 64.Ra3 Rb2 65.Bf7 g5 66.Be6 Nf6 {It is time to trade everything.} 67.Ra5 Rb4 68.Ke2 Nxg4 69.Bxg4 Rxg4 70.Kf3 Rd4 71.Kg3 Rxd5 72.Rxd5+ Kxd5 73.Kg4 Ke4 74.Kxg5 {A nice way to finish a nice tournament!} 1/2-1/2

[Event "Goldmoney Asian Rapid | Knockout"]
[Site "Online"]
[Date "2021.06.29"]
[Round "2.1"]
[White "Erigaisi, Arjun"]
[Black "Aronian, Levon"]
[Result "1-0"]
[WhiteElo "2567"]
[BlackElo "2781"]
[EventDate "2021.??.??"]
[Annotator "Bojkov,Dejan"]
[PlyCount "85"]
[Beauty "7495544244262"]
[EventType "rapid"]

1.d4 Nf6 2.c4 e6 3.Nf3 d5 4.Nc3 Bb4 5.e3 O-O 6.Bd2 {Quite a solid line.} 6...b6 7.cxd5 exd5 8.Bd3 Bb7 9.O-O Be7 ( {This bishop may also occupy a somewhat more active position with} 9...Bd6 10.Rc1 c5 11.Ne5 Nc6 12.Ng4 Be7 13.Nxf6+ Bxf6 14.Qh5 g6 15.Qxd5 cxd4 16.exd4 Bxd4 {with approximate equality in Bluebaum,M (2672)-Navara,D (2697) OnlineT 2020} ) 10.Ne5 c5 11.Ne2 Nc6 12.Nxc6 $146 {A novelty.} ( {An earlier game saw White doing quite well after} 12.Ng3 Nxe5 13.dxe5 Ne4 14.Bxe4 dxe4 15.Qg4 g6 16.Bc3 Qc8 17.Qf4 {Johansson,L (2492)-Wachinger,N (2334) Bremen 2020} ) 12...Bxc6 13.dxc5 bxc5 {The arising hanging pawn structure looks quite alright for Black. The pawns are not under siege yet, and Aronian has clear prospects of a play along the b-file.} 14.Bc3 ( {Or} 14.Rc1 Rb8 ( 14...Qb6 ) 15.Bc3 ) 14...Qb6 15.Ng3 {Erigaisi weakens the opponent's kingside. Why? We shall see in a moment.} ( {The potential of the hanging pawns is revealed in the line} 15.Nf4 Rfd8 16.Be2 {intending to put the other bishop on f3 to pressure the center, but that falls short to} 16...d4 $1 ) 15...g6 16.b4 $1 {This is one of the ways to fight the hanging pawns. Separate them and use the squares that are opened for your own pieces. True, Erigaisi needs to sacrifice a pawn for these goods.} ( {White achieves nothing after} 16.Rc1 a5 ) 16...cxb4 17.Bd4 Qd8 $1 {Aronian is careful.} ( {The pseudo-active} 17...Qb7 {leaves the black queen too far away from the kingside, and White can make use of that with} 18.Qf3 Ne4 19.Nf5 $1 {The knight is obviously invincible:} 19...gxf5 $2 ( {However, even after the better} 19...Bf6 20.Bxf6 Nxf6 21.Qf4 {Black will be missing his queen in the defense.} ) 20.Bxe4 {and wins.} ) 18.Rc1 Bb7 19.Qf3 {This attacking setup is what Erigaisi was heading for. The inclusion of the white knight is always in the air.} 19...Qd6 ( {Sometimes in these situation the defenders are giving back the pawn at once in order to reduce the attacking potential of the opponent with something like} 19...Ne4 20.Nxe4 dxe4 21.Bxe4 Bxe4 22.Qxe4 {However, here White preserves some pressure on the open central files.} ) ( {How dangerous the white knight can be is visible after} 19...Kg7 $2 20.Nh5+ $3 gxh5 21.Qg3+ Kh8 22.Rc7 Rb8 23.Rxe7 $1 {removing the key defender.} 23...Qxe7 24.Qg5 {and wins.} ) 20.h4 {With the clear intention to soften the king's position.} ( {However, the immediate brutality} 20.Nf5 $5 {might have been even more dangerous for Black. Then Aronian would have had to find} 20...gxf5 21.Bc5 Qe5 ( {But not} 21...Qxc5 $2 22.Rxc5 Bxc5 23.Qg3+ Kh8 24.Qc7 $1 {and White wins more than enough material.} ) 22.Bxe7 Qxe7 23.Qg3+ Kh8 24.Rc7 Nh5 25.Rxe7 Nxg3 26.fxg3 Bc8 27.Bxf5 Bxf5 28.Rxf5 a5 {with a likely draw.} ) 20...Rfc8 {Aronian is challenging the opponent on the opposite wing in the meantime.} 21.h5 a5 22.Bf5 $5 ( {The other way to attack it is} 22.hxg6 $5 hxg6 23.Nf5 gxf5 24.Bxf5 Rxc1 25.Rxc1 {and in this fascinating position the computer flashes its favorite evaluation 0.00...} ) 22...Rxc1 $1 {Very accurate again.} ( {Here and for the next moves, the bishop is untouchable:} 22...gxf5 $2 23.Nxf5 Qd7 24.Nxe7+ Qxe7 25.Bxf6 {with a win.} ) 23.Rxc1 Ne8 {This maneuver, though, does not reinforce Black's defense. Actually it adds tactical chances for White as we are about to witness.} ( {Erigaisi would have needed all his creativity to develop enough attack in the line} 23...a4 $1 24.Bh3 Ra6 ) 24.Qg4 Ng7 25.Bxg6 {The right idea but the wrong execution.} ( {The young Indian could have won instead with} 25.Bxg7 $1 Kxg7 26.Bxg6 $3 {The knight fork is in the air, which means that the bishop will remain alive, orchestrating the attack. And it is decisive:} 26...Qf6 27.Bd3+ ( 27.Nf5+ {should win too.} ) 27...Qg5 28.Qd7 Rb8 29.Nf5+ Kf8 30.Rc7 {and Black can only resign.} ) 25...fxg6 26.Bxg7 Rc8 $1 {That is the difference. Aronian can ignore the enemy bishop and can still rely on his kingside pawn protection.} 27.Rd1 Rc2 ( {Somewhat more accurate is} 27...Rc4 $1 28.Bd4 ( {Not} 28.e4 $2 Bc8 $1 ) 28...Bc8 29.Qe2 Qc6 {with a solid position for Black.} ) 28.Ba1 Rc4 29.Qe2 ( {Here White could put more pressure on his opponent with} 29.e4 $5 Bc8 30.Qe2 ) 29...Qc6 30.Bd4 Bf6 {Aronian is playing with fire.} ( {Both} 30...Bc8 $5 ) ( {And} 30...Qe6 $5 {would be more to the point.} ) 31.hxg6 ( {Here} 31.Bxf6 Qxf6 32.e4 {would be annoying for Black as the white queen finds a way in the enemy camp} 32...Qe6 33.Qe3 ( {or} 33.Qd2 ) ) 31...hxg6 32.Kh2 $1 {The king is stepping away from the possible checks; thus White avoids the trade of rooks. Erigaisi still needs to look for a way to checkmate the opponent, while Aronian would love to see the major pieces traded that would eventually win the endgame for him.} 32...Bxd4 ( {As} 32...Rc1 33.Rxc1 Qxc1 {is no more bringing a check, and White can take the bishop.} 34.Bxf6 ) 33.exd4 ( {Of course not} 33.Rxd4 $2 Rxd4 34.exd4 Kf7 {when Black can obviously call the shots.} ) 33...Rc2 34.Qf3 ( {The other moves are not as good} 34.Qg4 Rxf2 ) ( {Or} 34.Qe3 Qf6 $1 ) 34...Qe6 ( {Whatever Black does, he should not forget to keep a close eye on the opposite major pieces} 34...Rxa2 $2 35.Re1 $1 {would decisively bring the rook into the attack.} ) 35.Qf4 Kg7 ( 35...Rxa2 {is still bad, this time due to} 36.Qb8+ Qc8 37.Qd6 $1 ) ( {However, Aronian missed a chance to look for counterattack with} 35...Qe7 $3 36.Rd3 Qh7+ 37.Kg1 Qf7 {when Black already stands better.} ) 36.Rd3 $1 {The rook is almost in, and this is very dangerous for Black.} 36...Qf6 {Not really a mistake but Aronian makes a step in the wrong direction.} ( 36...Bc8 $1 {is needed when} 37.Re3 ( 37.Rf3 Qe7 ) 37...Qf6 ) 37.Qg4 $1 Qxf2 {And this loses!} ( {Black could still survive with either the passive defense} 37...Qd6 $1 38.Rf3 Rc7 {which, however, is unpleasant to defend.} ) ( {Or, perhaps better with the aggressive sacrifice} 37...Bc8 $3 38.Nh5+ Kf7 39.Nxf6 Bxg4 40.Nxg4 Rxa2 41.Rb3 Ke6 {How badly Black needs the queens off the board is evident in this line. His two outside connected passers promise him enough play for the piece.} ) 38.Nh5+ Kh6 39.Nf4 $1 {The queen is separated from the king, and Black's position quickly deteriorates.} 39...Rc6 40.Rh3+ Kg7 41.Qd7+ Kf6 42.Rf3 Qxd4 ( 42...Qxa2 43.Nh3# ) 43.Ne2+ 1-0